书目信息 |
| 题名: |
宋末元初大变局
|
|
| 作者: | 姜越 编著 | |
| 分册: | ||
| 出版信息: | 沈阳 辽宁人民出版社 2018 |
|
| 页数: | 231页 | |
| 开本: | 24cm | |
| 丛书名: | ||
| 单 册: | ||
| 中图分类: | K247.09 | |
| 科图分类: | ||
| 主题词: | 宋元时期--历史--普及读物 | |
| 电子资源: | ||
| ISBN: | 978-7-205-09206-1 | |
| 000 | 00797nam0 2200241 450 | |
| 001 | 012001000160 | |
| 005 | 20140920091301.0 | |
| 010 | @a978-7-205-09206-1@dCNY43.80 | |
| 100 | @a20180412d2018 em y0chiy50 ea | |
| 101 | 0 | @achi |
| 102 | @aCN@b210000 | |
| 105 | @aa z 000yy | |
| 106 | @ar | |
| 200 | 1 | @a宋末元初大变局@9Song Mo Yuan Chu Da Bian Ju@f姜越编著 |
| 210 | @a沈阳@c辽宁人民出版社@d2018 | |
| 215 | @a231页@c图@d24cm | |
| 300 | @a王朝拐点系列 | |
| 330 | @a本书从历史细节出发,讲述了宋末元初的那段历史,主要阐述了偏安一隅的南宋朝廷的腐败无能,一代天骄成吉思汗的横空出世,忽必烈建国、治国和雄伟大略等等。 | |
| 606 | 0 | @a宋元时期@x历史@j普及读物 |
| 690 | @aK247.09@v5 | |
| 701 | 0 | @a姜越@9Jiang Yue@4编著 |
| 801 | 0 | @aCN@b上海新华@c20180901 |
| 905 | @b1040789-93@dK247.09@e34@f5 | |
| 宋末元初大变局/姜越编著.-沈阳:辽宁人民出版社,2018 |
| 231页:图;24cm |
| 王朝拐点系列 |
| ISBN 978-7-205-09206-1:CNY43.80 |
| 本书从历史细节出发,讲述了宋末元初的那段历史,主要阐述了偏安一隅的南宋朝廷的腐败无能,一代天骄成吉思汗的横空出世,忽必烈建国、治国和雄伟大略等等。 |
| ● |
| 相关链接 |
|
|
|
|
正题名:宋末元初大变局
索取号:K247.09/34
 
预约/预借
| 序号 | 登录号 | 条形码 | 馆藏地/架位号 | 状态 | 备注 |
| 1 | 1040789 | 210407898 | 第二样本阅览室/ [索取号:K247.09/34] | 在馆 | |
| 2 | 1040790 | 210407905 | 密集书库-史法系/ [索取号:K247.09/34] | 在馆 | |
| 3 | 1040791 | 210407914 | 第二借阅区/ [索取号:K247.09/34] | 在馆 | |
| 4 | 1040792 | 210407923 | 第二借阅区/ [索取号:K247.09/34] | 在馆 | |
| 5 | 1040793 | 210407932 | 第二借阅区/ [索取号:K247.09/34] | 在馆 |